|
|
|
|
| LEADER |
00000cac a2200000 i 4500 |
| 003 |
Ucuenca |
| 005 |
20230308213943.0 |
| 006 |
a|||||r|||| 001 0 |
| 007 |
ta |
| 008 |
009061s2006 sp |||||r|||||||1|||spa|a |
| 020 |
|
|
|a 84-493-1931-5
|
| 020 |
|
|
|a 978-84-493-1931-0
|
| 040 |
|
|
|b spa
|a UCuenca-cdrjbv
|c UCuenca
|e rda
|
| 041 |
1 |
|
|a spa
|
| 082 |
0 |
|
|2 21
|a 155.3
|c 107263
|
| 100 |
1 |
|
|9 59115
|a Mead, Margaret
|e autor
|
| 245 |
1 |
0 |
|a Sexo y temperamento:
|b en tres sociedades primitivas /
|c Margaret Mead.
|
| 250 |
|
|
|a Primera edición
|
| 264 |
|
1 |
|a Barcelona:
|b Paidós,
|c 2006.
|
| 300 |
|
|
|a 309 páginas:
|c 20 cm
|
| 336 |
|
|
|2 rdacontent
|a texto
|b txt
|
| 337 |
|
|
|2 rdamedia
|a no mediado
|b n
|
| 338 |
|
|
|2 rdacarrier
|a volumen
|b nc
|
| 490 |
0 |
|
|a Surcos,
|v n° 32
|
| 504 |
|
|
|a incl. ref.
|
| 504 |
|
|
|a incl. ind.
|
| 505 |
1 |
|
|a Los arapesh de las montañas -- Los mundugumor, habitantes del río -- Los tchambuli, habitantes de las márgenes del lago -- Conclusiones de la investigación.
|
| 520 |
3 |
|
|a "En el presente libro se examina el problema de las relaciones entre personalidad y cultura a través de un estudio de la psicología deloa sexos en distintas sociedades. Y llega auna conclusión sorprendente: los distintos rasgos psicológicos que en nuestra sociedad atribuimos al temperamenteo femenino y al masculino no constituyen el producto de un determinismo biológico, sino que derivan de una particular estructura cultural, de modo que en otras culturas tales diferencias pueden no existir o darse de manera muy diferente o incluso opouesta. Descubrimiento, en fin que en su día arrojó nueva luz sobre la crisis de la personalidad basándose en los resultados de sus investigaciones."
|
| 650 |
1 |
7 |
|2 UCuenca-cdrjbv
|a Sexo
|9 4939
|
| 650 |
1 |
7 |
|2 UCuenca-cdrjbv
|a Comportamiento sexual
|9 95419
|
| 651 |
|
|
|2 UCuenca-cdrjbv
|
| 852 |
|
|
|a UC-CDJBV
|
| 942 |
|
|
|c CR
|2 ddc
|r luz.vázquez@ucuenca.edu.ec
|
| 999 |
|
|
|c 127453
|d 127453
|